000 00212 a2200097 4500
001 25269
100 _aRichmond, A J
245 _aProblems in Heat Engines
260 _a
_bEdward Arnold
_c
090 _c17035
_d17035
942 _aNUST-CAE
_cM
_c7820
999 _c260342
_d260342